Propiedades de los concretos celulares de diferentes densidades, sustitución del cemento por aditivos minerales

Presenta una investigación sobre el efecto de la sustitución del cemento Portland por desechos industriales como: escoria de alto horno, ceniza volante y polvo de caliza, sobre el comportamiento de las propiedades de resistencia mecánica a la compresión, permeabilidad y conductividad térmica de...

Full description

Bibliographic Details
Main Author: Romero Acosta, Juan Pablo
Other Authors: Tutor: Escalante García, José Iván
Format: Tesis Section = Libro
Language:Undetermined
Spanish
Published: Managua UNI 2009
Subjects:
LEADER 01173nam a2200241Ia 4500
008 240830s9999 xx 000 0 und d
040 |a BIBLIOTECA-RUPAP Mon 620.135 R763 
041 |a spa 
082 |a Mon 620.135 R763 
100 1 |a Romero Acosta, Juan Pablo 
245 1 0 |a Propiedades de los concretos celulares de diferentes densidades, sustitución del cemento por aditivos minerales 
260 |a Managua  |b UNI  |c 2009 
300 |a 141 p. :il. 
500 |a Contiene: anexos. 
502 |a Tesis (Ingeniero Mecánico)- UNI, 2009. 
520 3 |a Presenta una investigación sobre el efecto de la sustitución del cemento Portland por desechos industriales como: escoria de alto horno, ceniza volante y polvo de caliza, sobre el comportamiento de las propiedades de resistencia mecánica a la compresión, permeabilidad y conductividad térmica de sistemas cementosos alternativos de concreto celulares con ligante CPC Y CPC - EAH. 
650 7 |a MATERIALES DE CONSTRUCCIÓN 
650 7 |b  CEMENTO - EFECTO DE LA TEMPERATURA 
650 7 |c  CEMENTO - ADITIVOS 
700 1 |a Tutor:  |b Escalante García, José Iván 
942 |c BK  |2 ddc 
991 |a TESIS 
999 |c 15690